<?xml version="1.0" encoding="UTF-8"?>
<record
    xmlns:xsi="http://www.w3.org/2001/XMLSchema-instance"
    xsi:schemaLocation="http://www.loc.gov/MARC21/slim http://www.loc.gov/standards/marcxml/schema/MARC21slim.xsd"
    xmlns="http://www.loc.gov/MARC21/slim">

  <leader>05418cam a22004094a 4500</leader>
  <controlfield tag="001">16849690</controlfield>
  <controlfield tag="003">Nust- CAS-E0</controlfield>
  <controlfield tag="005">20180118181402.0</controlfield>
  <controlfield tag="008">110629s2012    enka          001 0 eng  </controlfield>
  <datafield tag="010" ind1=" " ind2=" ">
    <subfield code="a">  2011027888</subfield>
  </datafield>
  <datafield tag="016" ind1="7" ind2=" ">
    <subfield code="a">015856188</subfield>
    <subfield code="2">Uk</subfield>
  </datafield>
  <datafield tag="020" ind1=" " ind2=" ">
    <subfield code="a">9781107000230 </subfield>
  </datafield>
  <datafield tag="020" ind1=" " ind2=" ">
    <subfield code="a">1107000238 </subfield>
  </datafield>
  <datafield tag="035" ind1=" " ind2=" ">
    <subfield code="a">(OCoLC)ocn747018915</subfield>
  </datafield>
  <datafield tag="040" ind1=" " ind2=" ">
    <subfield code="a">DLC</subfield>
    <subfield code="c">DLC</subfield>
    <subfield code="d">YDX</subfield>
    <subfield code="d">UKMGB</subfield>
    <subfield code="d">BTCTA</subfield>
    <subfield code="d">CDX</subfield>
    <subfield code="d">YDXCP</subfield>
    <subfield code="d">DLC</subfield>
  </datafield>
  <datafield tag="042" ind1=" " ind2=" ">
    <subfield code="a">pcc</subfield>
  </datafield>
  <datafield tag="050" ind1="0" ind2="0">
    <subfield code="a">TJ163.3</subfield>
    <subfield code="b">.F855 2012</subfield>
  </datafield>
  <datafield tag="082" ind1="0" ind2="0">
    <subfield code="a">621.042</subfield>
    <subfield code="2">23</subfield>
    <subfield code="b">FUN 2012</subfield>
  </datafield>
  <datafield tag="084" ind1=" " ind2=" ">
    <subfield code="a">TEC021000</subfield>
    <subfield code="2">bisacsh</subfield>
  </datafield>
  <datafield tag="245" ind1="0" ind2="0">
    <subfield code="a">Fundamentals of materials for energy and environmental sustainability /</subfield>
    <subfield code="c">edited by David S. Ginley and David Cahen.</subfield>
  </datafield>
  <datafield tag="260" ind1=" " ind2=" ">
    <subfield code="a">Cambridge ;</subfield>
    <subfield code="a">New York :</subfield>
    <subfield code="b">Cambridge University Press,</subfield>
    <subfield code="c">c2012.</subfield>
  </datafield>
  <datafield tag="300" ind1=" " ind2=" ">
    <subfield code="a">xvi, 753 p. :</subfield>
    <subfield code="b">ill. (chiefly col.) ;</subfield>
    <subfield code="c">29 cm.</subfield>
  </datafield>
  <datafield tag="500" ind1=" " ind2=" ">
    <subfield code="a">Includes index.</subfield>
  </datafield>
  <datafield tag="505" ind1="8" ind2=" ">
    <subfield code="a">Machine generated contents note: Preface; Part I. Energy and the Environment: The Landscape: 1. A primer on climate change; 2. Global energy landscape and energy security; 3. Sustainability and energy conversions; 4. Energy cost of materials: materials for thin-film photovoltaics as an example; 5. Economics of materials; 6. Global energy flows; 7. Global materials flows; 8. Carbon dioxide capture and sequestration in deep geological formations; Part II. Non-renewable Energy Sources: 9. Petroleum and natural gas; 10. Advancing coal conversion technologies: materials challenges; 11. Oil shale and tar sand; 12. Unconventional energy sources: gas hydrates; 13. Nuclear energy: current and future schemes; 14. Nuclear nonproliferation; 15. Nuclear waste management and disposal; 16. Material requirements for controlled nuclear fusion; Part III. Renewable Energy Sources: 17. Solar energy overview; 18. Direct solar energy conversion with photovoltaic devices; 19. Materials science and technology: new approaches to high efficiency photovoltaic conversion; 20. Concentrating and multijunction photovoltaics; 21. Concentrating solar thermal power; 22. Solar thermoelectrics: direct solar thermal energy conversion; 23. Off-grid solar in the developing world; 24. Principles of photosynthesis; 25. Harnessing microbial metabolism for biofuels and biomaterials; 26. Aqueous processing of cellulosic biomass for biological and chemical conversion to ethanol and other fuels; 27. Artificial photosynthesis for solar energy conversion; 28. Engineered natural photosynthesis; 29. Geothermal and ocean energy; 30. Wind energy; Part IV. Transportation: 31. Road transportation vehicles; 32. Transportation: aviation; 33. Future of shipping; 34. Fully autonomous vehicles: a far-reaching perspective on potential materials and design implications; Part V. Energy Efficiency: 35. Lighting/appliances; 36. Increasing building energy efficiency through advances in materials; 37. Insulation science; 38. Industrial energy efficiency; 39. Green processing: catalysis; 40. Material availability and recycling: identifying risks and evaluating responses; 41. Life-cycle assessment (LCA); Part VI. Energy Storage and the Role of High Penetration Renewables and Grid Stabilization: 42. Toward stronger, smarter, and more secure electric power grids: advances and challenges in distributed sensing, modeling, simulation, and control; 43. Consequences of high penetration renewables; 44. Materials challenges facing electrochemical energy storage: batteries and capacitors; 45. Mechanical energy storage: pumped hydro, CAES, flywheels; 46. Polymer electrolyte membrane (PEM) fuel cells; 47. Solar fuels; 48. Solar thermal routes to fuel; 49. Photoelectrochemistry; 50. Summary; Appendix A: thermodynamics; Appendix B: electrochemistry.</subfield>
  </datafield>
  <datafield tag="520" ind1=" " ind2=" ">
    <subfield code="a">"How will we meet rising energy demands? What are our options? Are there viable long-term solutions for the future? Learn the fundamental physical, chemical and materials science at the heart of: [bullet] Renewable/non-renewable energy sources [bullet] Future transportation systems [bullet] Energy efficiency [bullet] Energy storage Whether you are a student taking an energy course or a newcomer to the field, this book will help you understand critical relationships between the environment, energy and sustainability. Leading experts provide comprehensive coverage of each topic, bringing together diverse subject matter by integrating theory with engaging insights. Each chapter includes helpful features to aid understanding, including a historical overview to provide context, suggested further reading and questions for discussion. Every subject is beautifully illustrated and brought to life with full color images and color-coded sections for easy browsing, making this a complete educational package. Fundamentals of Materials for Energy and Environmental Sustainability will enable today's scientists and educate future generations"--Provided by publisher.</subfield>
  </datafield>
  <datafield tag="650" ind1=" " ind2="0">
    <subfield code="a">Energy conservation</subfield>
    <subfield code="x">Equipment and supplies.</subfield>
  </datafield>
  <datafield tag="650" ind1=" " ind2="0">
    <subfield code="a">Renewable energy sources.</subfield>
  </datafield>
  <datafield tag="650" ind1=" " ind2="0">
    <subfield code="a">Power resources.</subfield>
  </datafield>
  <datafield tag="650" ind1=" " ind2="0">
    <subfield code="a">Fuel.</subfield>
  </datafield>
  <datafield tag="650" ind1=" " ind2="0">
    <subfield code="a">Sustainable engineering</subfield>
    <subfield code="x">Materials.</subfield>
  </datafield>
  <datafield tag="700" ind1="1" ind2=" ">
    <subfield code="a">Ginley, D. S.</subfield>
    <subfield code="q">(David S.)</subfield>
  </datafield>
  <datafield tag="700" ind1="1" ind2=" ">
    <subfield code="a">Kahen, Da&#x1E7F;id.</subfield>
  </datafield>
  <datafield tag="856" ind1="4" ind2="2">
    <subfield code="3">Cover image</subfield>
    <subfield code="u">http://assets.cambridge.org/97811070/00230/cover/9781107000230.jpg</subfield>
  </datafield>
  <datafield tag="906" ind1=" " ind2=" ">
    <subfield code="a">7</subfield>
    <subfield code="b">cbc</subfield>
    <subfield code="c">orignew</subfield>
    <subfield code="d">1</subfield>
    <subfield code="e">ecip</subfield>
    <subfield code="f">20</subfield>
    <subfield code="g">y-gencatlg</subfield>
  </datafield>
  <datafield tag="942" ind1=" " ind2=" ">
    <subfield code="2">ddc</subfield>
    <subfield code="c">BK</subfield>
  </datafield>
  <datafield tag="999" ind1=" " ind2=" ">
    <subfield code="c">355449</subfield>
    <subfield code="d">355449</subfield>
  </datafield>
  <datafield tag="952" ind1=" " ind2=" ">
    <subfield code="0">0</subfield>
    <subfield code="1">0</subfield>
    <subfield code="2">ddc </subfield>
    <subfield code="4">0</subfield>
    <subfield code="7">0</subfield>
    <subfield code="8">NFIC</subfield>
    <subfield code="a">CAS-E</subfield>
    <subfield code="b">CAS-E</subfield>
    <subfield code="c">GEN</subfield>
    <subfield code="d">2013-06-17</subfield>
    <subfield code="e">Progressive Int.</subfield>
    <subfield code="l">2</subfield>
    <subfield code="m">1</subfield>
    <subfield code="o">621.042 FUN 2012</subfield>
    <subfield code="p">CAS-E0000386</subfield>
    <subfield code="r">2016-12-01</subfield>
    <subfield code="s">2016-12-01</subfield>
    <subfield code="v">7799.00</subfield>
    <subfield code="w">2014-08-27</subfield>
    <subfield code="y">BK</subfield>
  </datafield>
</record>
